书目信息 |
| 题名: |
美国历任总统就职演说集
|
|
| 作者: | ;李本就审订 ;浙江大学美国研究所翻 译 | |
| 分册: | ||
| 出版信息: | 台北 黎明文化事业股份有限公司 1984 |
|
| 页数: | 1册 | |
| 开本: | 21cm | |
| 丛书名: | ||
| 单 册: | ||
| 中图分类: | H319.5 | |
| 科图分类: | ||
| 主题词: | 英语--对照读物 | |
| 电子资源: | ||
| ISBN: | ||
| 000 | 00674nam0 2200205 45 | |
| 001 | 0411301149 | |
| 005 | 20041130134101.5 | |
| 010 | @dCNY6.60 | |
| 100 | @a20041130d1984 km y0chiy0120 ea | |
| 101 | 0 | @aeng |
| 105 | @a z 000yy | |
| 200 | 1 | @a美国历任总统就职演说集@AMei Guo Li Ren Zong Tong Jiu Zhi Yan Shuo Ji@f浙江大学美国研究所翻译@FZhe Jiang Da Xue Mei Guo Yan Jiu Suo Fan Yi@g李本就审订 |
| 210 | @a台北@c黎明文化事业股份有限公司@d1984 | |
| 215 | @a1册@d21cm | |
| 606 | 0 | @a英语@x对照读物 |
| 690 | @aH319.5@v3 | |
| 702 | 0 | @a李本就审订@ALi Ben Jiu Shen Ding |
| 711 | 02 | @a浙江大学美国研究所翻@4译 |
| 801 | @aCN@bPftUser@c20041130 | |
| 905 | @f1@b168006@dH319.5@e102 | |
| 美国历任总统就职演说集/浙江大学美国研究所翻译/李本就审订.-台北:黎明文化事业股份有限公司,1984 |
| 1册;21cm |
| ISBN :CNY6.60 |
| ● |
| 相关链接 |
|
|
|
|
正题名:美国历任总统就职演说集
索取号:H319.5/102
 
预约/预借
| 序号 | 登录号 | 条形码 | 馆藏地/架位号 | 状态 | 备注 |
| 1 | 0168001 | 001081439 | 密集书库/ [索取号:H319.5/102] | 在馆 | |
| 2 | 0168002 | 001081894 | 密集书库/ [索取号:H319.5/102] | 在馆 | |
| 3 | 0168003 | 001081411 | 密集书库/ [索取号:H319.5/102] | 在馆 | |
| 4 | 0168004 | 001081000 | 密集书库/ [索取号:H319.5/102] | 在馆 | |
| 5 | 0168005 | 001080993 | 密集书库/ [索取号:H319.5/102] | 在馆 | |
| 6 | 0168006 | 001080975 | 密集书库/ [索取号:H319.5/102] | 在馆 | |
| 7 | 0168007 | 001081420 | 密集书库/ [索取号:H319.5/102] | 在馆 | |
| 8 | 0168008 | 001080984 | 密集书库/ [索取号:H319.5/102] | 在馆 | |
| 9 | 0168009 | 001081901 | 密集书库/ [索取号:H319.5/102] | 在馆 | |
| 10 | 0168010 | 001081448 | 密集书库/ [索取号:H319.5/102] | 在馆 |